Heimat deine Häuser /

Exposición sobre la vivienda alemana a principios de la década de 1960; etapa todavía de reconstrucción luego de la Segunda Guerra Mundial. Se da importancia a la planeación urbana y a la construcción de espacios apropiados y dignos para ser habitados; se analizan también las opciones de financiamie...

Disgrifiad llawn

Wedi'i Gadw mewn:
Manylion Llyfryddiaeth
Awduron Eraill: Bächer, Max (arquitecto) (arquitecto)
Fformat: Llyfr
Iaith:German
Cyhoeddwyd: Stuttgart, Alemania : Emil Daiber, 1963
Pynciau:
Tagiau: Ychwanegu Tag
Dim Tagiau, Byddwch y cyntaf i dagio'r cofnod hwn!

MARC

LEADER 00000nam^a2200000^a^4500
001 000564063
005 20250526000000.0
009 20260310132018.679
037 |a Acervo ITESO - Biblioteca 
041 |a ALE 
091 |a FHA. 03020 
245 7 0 |a Heimat deine Häuser /  |c Arquitecto M. Bächer... [et al.]. 
264 1 |a Stuttgart, Alemania :  |b Emil Daiber,  |c 1963 
300 |a [20 p.] ;  |c 21.0 cm. 
336 |a texto  |b txt  |2 rdacontenido 
337 |a sin mediación  |b n  |2 rdamedio 
338 |a volumen  |b nc  |2 rdasoporte 
515 |a Inventario familia Hartung: 3448 
520 |a Exposición sobre la vivienda alemana a principios de la década de 1960; etapa todavía de reconstrucción luego de la Segunda Guerra Mundial. Se da importancia a la planeación urbana y a la construcción de espacios apropiados y dignos para ser habitados; se analizan también las opciones de financiamiento por parte del Estado, de los comunes, de las coopertativas de construcción, de los terratenientes, de los arquitectos, de las universidades, de la prensa y de las autoridades de construcción. 
561 |a Ex libris de Hartung Ashida [Familia] 
649 |a XX 
650 |a Vivienda -  |z Alemania -  |x Exposiciones  |x Tema Principal 
650 |a Vivienda -  |z Alemania -  |x Historia -  |y 1949-1963 -  |x Tema Principal 
650 |a Desarrollo Urbano -  |z Alemania -  |x Historia -  |y 1949-1963 
650 |a Urbanismo 
650 |a Arquitectura Alemana -  |x Exposiciones 
650 |a Arquitectura Alemana -  |x Historia y Crítica 
650 |a Alemania -  |x Historia -  |y RFA, 1949-1963 
700 |a Bächer, Max  |e (arquitecto) 
910 |a Fondo Horst Hartung Franz 
920 |a Impresos - Libros 
930 |a Libros Antiguos y Raros 
905 |a 135 
901 |a 0500330197  |b IT2  |c LRA  |i D  |u 20250526 
902 |a https://opac.biblio.iteso.mx/vufind/Record/000564063